[Event "Elit(Helsingborg-Farsta)"]
[Site "?"]
[Date "2023.03.12"]
[Round "9"]
[White "Hjelm, Niclas"]
[Black "Olsson, Fredric"]
[Result "1/2-1/2"]
[WhiteElo "2298"]
[BlackElo "2050"]
[PlyCount "139"]
[SourceVersionDate "2023.03.26"]

1. Nf3 Nf6 2. c4 e6 3. d4 Bb4+ 4. Bd2 Bxd2+ 5. Qxd2 d5 6. Nc3 O-O 7. e3 Qe7 8.
Qc2 c5 9. cxd5 cxd4 10. Nxd4 exd5 11. Bb5 Be6 12. O-O Nbd7 13. Bxd7 Nxd7 14.
Rad1 Rac8 15. Nde2 Rfd8 16. Rd4 Rc4 17. Rfd1 Rxd4 18. Rxd4 Rc8 19. h3 Rc4 20.
Qd2 Qc5 21. b3 Rxd4 22. Qxd4 Qxd4 23. Nxd4 Kf8 24. Kf1 Ke7 25. Ke2 a6 26. Kd2
Kd6 27. f3 Nf6 28. h4 Bd7 29. Nce2 h5 30. Kc3 b6 31. Nf4 g6 32. Nd3 Be8 33. Nb4
a5 34. Nd3 b5 35. b4 a4 36. Nc1 Bd7 37. Kd3 Ne8 38. Nce2 Nc7 39. Nc3 Ke5 40. a3
Be8 41. g3 Bd7 42. Ke2 Be8 43. Kd2 Bd7 44. Kd3 Bh3 45. Ke2 Bd7 46. Kd2 Be8 47.
Kd3 Bd7 48. f4+ Kd6 49. e4 f6 50. exd5 f5 51. Nc2 Nxd5 52. Nxd5 Kxd5 53. Ne3+
Kd6 54. Kd4 Be6 55. Nd1 Bc4 56. Nc3 Bf1 57. Nd5 Bc4 58. Nf6 Bf7 59. Nh7 Bg8 60.
Ng5 Bd5 61. Nh3 Bg2 62. Nf2 Bf1 63. Nd1 Bc4 64. Nc3 Bf1 65. Nb1 Bc4 66. Nd2 Bd5
67. Nf1 Ba2 68. Nd2 Bd5 69. Nb1 Bc4 70. Nc3 1/2-1/2

[Event "Elit(Limhamn-Vasteras)"]
[Site "?"]
[Date "2023.03.12"]
[Round "9"]
[White "Lindgren, Philip"]
[Black "Jonsson, Mikael"]
[Result "1-0"]
[WhiteElo "2382"]
[BlackElo "2198"]
[PlyCount "49"]
[SourceVersionDate "2023.03.26"]

1. d4 Nf6 2. c4 e6 3. Nf3 Bb4+ 4. Nbd2 O-O 5. a3 Bxd2+ 6. Qxd2 d5 7. e3 b6 8.
b3 Bb7 9. Be2 Nbd7 10. O-O Rc8 11. Bb2 c5 12. Rac1 Ne4 13. Qd3 Qe7 14. Rfd1
Rfd8 15. h3 f5 16. Ba1 Ndf6 17. Qb1 dxc4 18. Bxc4 Bd5 19. Ba6 Rc7 20. Qb2 cxd4
21. Nxd4 Rxc1 22. Rxc1 Qf7 23. Bf1 Qg6 24. Nc6 Ng5 25. Ne7+ 1-0

[Event "Elit(LASK-Stockholms SS)"]
[Site "?"]
[Date "2023.03.12"]
[Round "9"]
[White "Storme, Isak"]
[Black "Cederstam, Carl"]
[Result "1/2-1/2"]
[WhiteElo "2438"]
[BlackElo "2271"]
[PlyCount "140"]
[SourceVersionDate "2023.03.27"]

1. e4 c5 2. Nf3 d6 3. d4 cxd4 4. Nxd4 Nf6 5. Nc3 Nc6 6. Bg5 e6 7. Qd2 a6 8.
O-O-O Bd7 9. f4 Be7 10. Qe1 h6 11. Bxf6 gxf6 12. f5 Qb6 13. fxe6 fxe6 14. Nde2
Qe3+ 15. Kb1 Ne5 16. Qh4 O-O-O 17. Nf4 Rh7 18. Re1 Qc5 19. Qg3 Kb8 20. Nd3 Qa5
21. Nxe5 Qxe5 22. Bc4 h5 23. Bb3 h4 24. Qf2 Rg8 25. Ne2 Bd8 26. Nf4 Rg4 27. Nd3
Qg5 28. Qf3 Bb6 29. Rhf1 Re7 30. Re2 f5 31. exf5 exf5 32. Rxe7 Qxe7 33. Bd5 Bc8
34. Re1 Qf8 35. a3 Rg7 36. Qh5 Qf6 37. Qh8 Bd4 38. Re8 Rc7 39. Qg8 Qg7 40. Be6
Qxg8 41. Rxg8 b5 42. Bxf5 Kb7 43. Be4+ Ka7 44. Nb4 Bb7 45. Bxb7 Kxb7 46. Rg4
Bf2 47. Rf4 Be1 48. Nd3 Re7 49. Kc1 h3 50. g3 Ba5 51. Kd1 Rh7 52. Ke2 Bb6 53.
Kf1 d5 54. Rf5 Rc7 55. c3 d4 56. cxd4 Bxd4 57. Rh5 Bxb2 58. Nxb2 Rc1+ 59. Ke2
Rc2+ 60. Kf3 Rxb2 61. Rxh3 Rb3+ 62. Ke4 Rxa3 63. Rh7+ Kc6 64. g4 Ra4+ 65. Kf5
b4 66. Rh6+ Kc7 67. Rh7+ Kc6 68. Rh6+ Kc7 69. Rh7+ Kc6 70. Rh6+ Kc7 1/2-1/2

[Event "Elit(Helsingborg-Farsta)"]
[Site "?"]
[Date "2023.03.12"]
[Round "9"]
[White "Rosell, Tomas"]
[Black "Jaderberg, Bjorn"]
[Result "0-1"]
[WhiteElo "2173"]
[BlackElo "2136"]
[PlyCount "74"]
[SourceVersionDate "2023.03.26"]

1. e4 d6 2. d4 Nf6 3. Nc3 e5 4. Nf3 exd4 5. Nxd4 Be7 6. h3 O-O 7. g3 c6 8. Bg2
Nbd7 9. O-O Nc5 10. Re1 Re8 11. g4 Bf8 12. Qf3 d5 13. e5 Nfe4 14. Bf4 Nxc3 15.
Qxc3 a5 16. a3 Ne6 17. Be3 Nxd4 18. Bxd4 Qe7 19. f4 c5 20. Bf2 d4 21. Qd3 Rb8
22. b4 b6 23. Reb1 Qc7 24. Be4 g6 25. Qf3 cxb4 26. axb4 Bxb4 27. Bxd4 Bc5 28.
c3 Rd8 29. Qe3 Bb7 30. Bxc5 bxc5 31. Bxb7 Rxb7 32. Rxb7 Qxb7 33. Rxa5 Rd1+ 34.
Kh2 Qh1+ 35. Kg3 c4 36. Kh4 Rd3 37. Qa7 Kg7 0-1

[Event "Elit(Limhamn-Vasteras)"]
[Site "?"]
[Date "2023.03.12"]
[Round "9"]
[White "Landgren, Andreas"]
[Black "Jepson, Christian"]
[Result "1/2-1/2"]
[WhiteElo "2236"]
[BlackElo "2388"]
[PlyCount "53"]
[SourceVersionDate "2023.03.26"]

1. d4 Nf6 2. c4 d6 3. Nc3 g6 4. e4 Bg7 5. Nf3 O-O 6. Be2 c5 7. O-O Na6 8. d5 e6
9. h3 Re8 10. Bd3 Nb4 11. Bb1 exd5 12. exd5 b5 13. Nxb5 Ba6 14. a4 Qb6 15. Ra3
Bxb5 16. axb5 a6 17. bxa6 Rxa6 18. Re3 Ra1 19. Rxe8+ Nxe8 20. Qe2 Nf6 21. Bd2
Ra8 22. Re1 Qa6 23. b3 Qb7 24. Bc3 Nh5 25. Bxg7 Nxg7 26. Qd2 Re8 27. Rxe8+
1/2-1/2

[Event "Elit(LASK-Stockholms SS)"]
[Site "?"]
[Date "2023.03.12"]
[Round "9"]
[White "Tuomainen, Felix"]
[Black "Smith, Axel"]
[Result "0-1"]
[WhiteElo "2232"]
[BlackElo "2398"]
[PlyCount "130"]
[SourceVersionDate "2023.03.27"]

1. d4 Nf6 2. c4 a6 3. Nc3 c5 4. d5 b5 5. cxb5 axb5 6. Nxb5 e6 7. Nc3 exd5 8.
Nxd5 Bb7 9. Nxf6+ Qxf6 10. Nf3 Be7 11. g3 Qe6 12. Bg2 Rxa2 13. Rxa2 Qxa2 14.
O-O O-O 15. Qc2 Nc6 16. Bg5 Qe6 17. Bxe7 Qxe7 18. e3 Nb4 19. Qc3 Ra8 20. Nh4
Bxg2 21. Nxg2 g6 22. Nf4 d5 23. Nd3 Nxd3 24. Qxd3 Qe5 25. Qb5 c4 26. Rd1 Rb8
27. Qxd5 Qxd5 28. Rxd5 Rxb2 29. Rc5 Rc2 30. Kg2 h5 31. Kf3 Kg7 32. Rc6 g5 33.
h3 f5 34. e4 Rc3+ 35. Ke2 f4 36. gxf4 gxf4 37. Kd2 Rd3+ 38. Ke1 c3 39. Ke2 Rxh3
40. e5 Kf7 41. f3 c2 42. Kd2 Rh2+ 43. Kc1 h4 44. Rh6 Kg7 45. Rh5 Kg6 46. Rh8
Kf5 47. Rh5+ Ke6 48. Kb2 Kd5 49. Rf5 Rf2 50. Rh5 h3 51. Rxh3 Kxe5 52. Rh4 Rxf3
53. Kxc2 Ke4 54. Kd2 Re3 55. Rh8 Kf3 56. Rh3+ Kf2 57. Rh2+ Kg3 58. Rh8 Re5 59.
Rh7 f3 60. Rh8 Kg2 61. Rh7 f2 62. Rg7+ Kf1 63. Rg8 Rd5+ 64. Ke3 Ke1 65. Ra8
f1=Q 0-1

[Event "Elit(Helsingborg-Farsta)"]
[Site "?"]
[Date "2023.03.12"]
[Round "9"]
[White "Lindeman, Sven"]
[Black "Derdic, Valentin"]
[Result "1-0"]
[WhiteElo "2160"]
[BlackElo "1875"]
[PlyCount "33"]
[SourceVersionDate "2023.03.26"]

1. e4 c5 2. Nf3 d6 3. d4 cxd4 4. Nxd4 Nf6 5. Nc3 g6 6. Be3 Bg7 7. f3 Nc6 8. Qd2
O-O 9. O-O-O d5 10. Nxc6 bxc6 11. Bh6 Bxh6 12. Qxh6 Qa5 13. e5 Nh5 14. g4 d4
15. Ne4 Qxe5 16. gxh5 Be6 17. Ng5 1-0

[Event "Elit(Limhamn-Vasteras)"]
[Site "?"]
[Date "2023.03.12"]
[Round "9"]
[White "Schneider, Stefan"]
[Black "Nordebrink, Johan"]
[Result "1-0"]
[WhiteElo "2372"]
[BlackElo "2090"]
[PlyCount "43"]
[SourceVersionDate "2023.03.26"]

1. d4 Nf6 2. Nf3 e6 3. c4 b6 4. g3 Ba6 5. Qa4 Bb7 6. Bg2 c5 7. dxc5 Bxc5 8. O-O
O-O 9. Nc3 Qc8 10. Bg5 Be7 11. Rfd1 Bc6 12. Qc2 Qb7 13. e4 h6 14. Bxf6 Bxf6 15.
Nd4 a6 16. Nd5 exd5 17. exd5 Rc8 18. Nf5 Qc7 19. dxc6 dxc6 20. Rd6 Be7 21.
Nxh6+ Kf8 22. Qh7 1-0

[Event "Elit(LASK-Stockholms SS)"]
[Site "?"]
[Date "2023.03.12"]
[Round "9"]
[White "Dragicevic, Drazen"]
[Black "Darnell, Anton"]
[Result "1-0"]
[WhiteElo "2345"]
[BlackElo "2026"]
[PlyCount "105"]
[EventDate "2023.??.??"]
[SourceVersionDate "2023.03.27"]

1. Nf3 d5 2. g3 Nf6 3. Bg2 e6 4. c4 Be7 5. O-O O-O 6. b3 c5 7. d4 dxc4 8. bxc4
Nc6 9. e3 Qc7 10. Qe2 b6 11. Nc3 Bb7 12. Nb5 Qc8 13. Rd1 a6 14. Nc3 cxd4 15.
Na4 d3 16. Rxd3 Qc7 17. Rb3 Na5 18. Rxb6 Bc6 19. Bd2 Bxa4 20. Bxa5 Qc5 21. Rb7
Qxa5 22. Rxe7 Bd7 23. Qd2 Qxd2 24. Nxd2 Rac8 25. Ne4 Nxe4 26. Bxe4 Rc7 27. c5
Rfc8 28. c6 Be8 29. Rxc7 Rxc7 30. Rb1 Kf8 31. Rb6 a5 32. Ra6 Ke7 33. Rxa5 Kd6
34. Ra8 Bxc6 35. Ra6 Kc5 36. Rxc6+ Rxc6 37. Bxc6 Kxc6 38. Kf1 Kb5 39. Ke2 Kb4
40. Kd3 Ka3 41. Kc4 Kxa2 42. Kc5 Kb3 43. Kd6 Kc4 44. Ke7 Kd3 45. Kxf7 Ke2 46.
Kxe6 Kxf2 47. e4 Kg2 48. Kf5 h5 49. e5 Kxh2 50. e6 Kxg3 51. e7 h4 52. e8=Q Kh2
53. Kg4 1-0

[Event "Elit(Helsingborg-Farsta)"]
[Site "?"]
[Date "2023.03.12"]
[Round "9"]
[White "Rothman, Peter"]
[Black "Stavenberg, Karl"]
[Result "0-1"]
[WhiteElo "2123"]
[BlackElo "2122"]
[PlyCount "122"]
[SourceVersionDate "2023.03.26"]

1. d4 d5 2. c4 c6 3. Nc3 Nf6 4. Nf3 a6 5. e3 Bf5 6. Bd3 Bxd3 7. Qxd3 e6 8. O-O
Bb4 9. Bd2 O-O 10. a3 Bxc3 11. Bxc3 Ne4 12. Bb4 Re8 13. Rfc1 Nd7 14. Rc2 a5 15.
Be1 a4 16. b3 Nd6 17. cxd5 exd5 18. Bb4 axb3 19. Qxb3 Nc4 20. a4 Re6 21. Rca2
b6 22. Nd2 Nxd2 23. Bxd2 Qh4 24. Qd1 Nf6 25. f3 g5 26. h3 Qg3 27. Be1 Qc7 28.
Qd3 Qe7 29. Bf2 Ne8 30. a5 bxa5 31. Rxa5 Rxa5 32. Rxa5 h6 33. Ra8 Qb7 34. Qa3
Kg7 35. g4 h5 36. Kg2 hxg4 37. hxg4 Qb1 38. Qc3 Nd6 39. Ra1 Qb5 40. Rh1 Rh6 41.
Rxh6 Kxh6 42. Qa3 Nc4 43. Qf8+ Kg6 44. Qg8+ Kf6 45. Qd8+ Kg6 46. Qg8+ Kf6 47.
Qh7 Nd6 48. Qh6+ Ke7 49. Qxg5+ f6 50. Qf4 Qe2 51. g5 fxg5 52. Qxg5+ Ke6 53.
Qg4+ Ke7 54. Kg3 Qc2 55. Be1 Qb1 56. Qg7+ Nf7 57. Bf2 Qc2 58. Bg1 Qb1 59. Kf4
Ke6 60. Qg4+ Ke7 61. Bf2 Qb8+ 0-1

[Event "Elit(Rockaden, Stockholm-Wasa)"]
[Site "?"]
[Date "2023.03.12"]
[Round "9"]
[White "Amin, Bassem"]
[Black "Blomqvist, Erik"]
[Result "1-0"]
[WhiteElo "2684"]
[BlackElo "2538"]
[PlyCount "95"]
[SourceVersionDate "2023.03.26"]

1. e4 c5 2. Nf3 e6 3. d3 d5 4. Nbd2 Nc6 5. g3 Nf6 6. Bg2 Be7 7. O-O O-O 8. Re1
dxe4 9. dxe4 e5 10. c3 Be6 11. Qe2 h6 12. Nc4 Qc7 13. Nh4 Rfd8 14. Nf5 Bf8 15.
a4 Bxc4 16. Qxc4 Na5 17. Qe2 Nb3 18. Rb1 c4 19. Bf1 Rd3 20. Qc2 Nxc1 21. Rbxc1
Rad8 22. Bxd3 cxd3 23. Qd2 g6 24. Nh4 h5 25. f3 Qb6+ 26. Kh1 Kh7 27. Ng2 Bh6
28. Ne3 h4 29. Rcd1 Nh5 30. Kg2 f5 31. Qf2 fxe4 32. Nc4 Qb3 33. Nd2 exf3+ 34.
Nxf3 e4 35. Nd2 Bxd2 36. Rxd2 Qd5 37. c4 Qxc4 38. g4 e3 39. Qxe3 Qxg4+ 40. Kh1
Nf4 41. Rg1 Qf5 42. Qe7+ Kh6 43. Qxh4+ Kg7 44. Qe7+ Kh6 45. Qxd8 Qe4+ 46. Rdg2
Nxg2 47. Qh8+ Kg5 48. Rxg2+ 1-0

[Event "Elit(Rockaden, Stockholm-Wasa)"]
[Site "?"]
[Date "2023.03.12"]
[Round "9"]
[White "Seo, Jung Min"]
[Black "Meshkovs, Nikita"]
[Result "1/2-1/2"]
[WhiteElo "2516"]
[BlackElo "2576"]
[PlyCount "76"]
[SourceVersionDate "2023.03.26"]

1. d4 Nf6 2. c4 e6 3. Nf3 d5 4. Nc3 a6 5. c5 Nc6 6. Bf4 Nh5 7. Bc1 f5 8. g3 Be7
9. Bg2 O-O 10. Rb1 Rb8 11. h3 Nf6 12. Bf4 Ne4 13. h4 Bd7 14. e3 Be8 15. Ne5
Nxc3 16. bxc3 Nxe5 17. Bxe5 b6 18. cxb6 Rxb6 19. O-O Bb5 20. Re1 Bd6 21. Bxd6
Qxd6 22. Bf1 Qc6 23. Qd2 Rfb8 24. Rb4 a5 25. Rxb5 Rxb5 26. Bxb5 Rxb5 27. Qc2
Qc4 28. Rb1 Rxb1+ 29. Qxb1 Qxc3 30. Qb5 Kf8 31. Qd7 Qa1+ 32. Kg2 Qxa2 33. Qd8+
Kf7 34. Qxc7+ Kf6 35. Qd8+ Kf7 36. Qd7+ Kf6 37. Qd8+ Kf7 38. Qd7+ Kf6 1/2-1/2

[Event "Elit(Kungstornet-Eksjo)"]
[Site "?"]
[Date "2023.03.12"]
[Round "9"]
[White "Lyrberg, Patrik"]
[Black "Danchevski, Orce"]
[Result "1/2-1/2"]
[WhiteElo "2447"]
[BlackElo "2336"]
[PlyCount "79"]
[SourceVersionDate "2023.03.26"]

1. Nf3 c5 2. c4 Nc6 3. g3 e5 4. Nc3 d6 5. d3 Be7 6. Bg2 Nf6 7. Bg5 Nd7 8. Bxe7
Nxe7 9. e3 O-O 10. d4 exd4 11. exd4 Nc6 12. O-O Nb6 13. b3 Bg4 14. dxc5 dxc5
15. h3 Bh5 16. Re1 Qc8 17. g4 Bg6 18. Ne5 Nd4 19. Nb5 Rd8 20. Nxd4 Rxd4 21. Qf3
Rb8 22. Nxg6 fxg6 23. Re7 Qf8 24. Rae1 Qxf3 25. Bxf3 Kf8 26. Bxb7 Rd1 27. Bf3
Rxe1+ 28. Rxe1 Re8 29. Rxe8+ Kxe8 30. g5 Ke7 31. Be4 a5 32. f4 a4 33. Kf2 a3
34. Ke3 Nc8 35. Kd2 Nd6 36. Bd5 Nf5 37. Kd3 Kd6 38. Be4 Nd4 39. b4 Ne6 40.
bxc5+ 1/2-1/2

[Event "Elit(Rockaden, Stockholm-Wasa)"]
[Site "?"]
[Date "2023.03.12"]
[Round "9"]
[White "Cramling, Pia"]
[Black "Hammer, Jon Ludvig"]
[Result "0-1"]
[WhiteElo "2458"]
[BlackElo "2630"]
[PlyCount "78"]
[SourceVersionDate "2023.03.26"]

1. d4 Nf6 2. c4 e6 3. Nf3 d5 4. Nc3 c6 5. Bg5 Nbd7 6. cxd5 exd5 7. Qc2 Be7 8.
e3 O-O 9. Bd3 Re8 10. Bf4 Nf8 11. h3 Ng6 12. Bh2 Bd6 13. Bxd6 Qxd6 14. O-O Qe7
15. Rab1 Bd7 16. b4 Rac8 17. a4 Ne4 18. Rfc1 Ng5 19. Nxg5 Qxg5 20. Kh2 Nh4 21.
f4 Qf6 22. Qf2 Bf5 23. Bxf5 Nxf5 24. Re1 Nd6 25. Rbc1 Re6 26. b5 Rce8 27. bxc6
bxc6 28. a5 h5 29. Na4 Nf5 30. Nc5 Rxe3 31. Nb3 R8e7 32. Rxe3 Rxe3 33. Rb1 h4
34. a6 Rg3 35. Kh1 Ne3 36. Nc1 Qxd4 37. Ne2 Qd2 38. Qe1 Qc2 39. Rc1 Qe4 0-1

[Event "Elit(Kungstornet-Eksjo)"]
[Site "?"]
[Date "2023.03.12"]
[Round "9"]
[White "Gdanski, Jacek"]
[Black "von Bahr, Oskar"]
[Result "1-0"]
[WhiteElo "2490"]
[BlackElo "2384"]
[PlyCount "153"]
[SourceVersionDate "2023.03.26"]

1. e4 e5 2. Nf3 Nc6 3. Bb5 a6 4. Bxc6 dxc6 5. O-O Bd6 6. d4 exd4 7. Qxd4 f6 8.
Nbd2 Be6 9. b3 Ne7 10. Nc4 c5 11. Qc3 Bxc4 12. Qxc4 Ng6 13. Bb2 Qe7 14. Rfe1
O-O-O 15. Rad1 Rhe8 16. g3 Qe6 17. Qxe6+ Rxe6 18. Re3 Rde8 19. Rde1 b6 20. Kg2
Kb7 21. R1e2 h5 22. h3 a5 23. a4 c6 24. Rd3 R8e7 25. h4 Bc7 26. Rde3 Re8 27.
Kf1 R6e7 28. c4 Kc8 29. Bc3 Kb7 30. Re1 Kc8 31. R1e2 Kb7 32. Ke1 Kc8 33. Kd1
Kb7 34. Kc2 Kc8 35. Re1 Kb7 36. Kc1 Kc8 37. Kb2 Kb7 38. Kc2 Kb8 39. Ba1 Kb7 40.
Bb2 Kc8 41. Bc3 Kb7 42. Nd2 Be5 43. f4 Bd4 44. R3e2 Rd7 45. Nf3 Bxc3 46. Kxc3
Red8 47. Rd2 Rxd2 48. Nxd2 Ne7 49. Nf3 Kc7 50. Rg1 Rh8 51. Kd3 Rd8+ 52. Ke3 b5
53. f5 bxa4 54. bxa4 Nc8 55. g4 Nb6 56. gxh5 Nxc4+ 57. Kf4 Rd7 58. Rg6 Nb2 59.
h6 gxh6 60. Rxf6 c4 61. Rg6 Nd3+ 62. Ke3 c3 63. Rg2 Nb4 64. Ne1 Rd1 65. Nc2
Rd3+ 66. Kf4 Rd2 67. Rxd2 cxd2 68. Ne3 Nd3+ 69. Kf3 Nb2 70. Ke2 Kd6 71. Kxd2
Ke5 72. Ng4+ Kxe4 73. f6 Nc4+ 74. Kc3 Nd6 75. Nxh6 Kd5 76. f7 Ne4+ 77. Kb2 1-0

[Event "Elit(Rockaden, Stockholm-Wasa)"]
[Site "?"]
[Date "2023.03.12"]
[Round "9"]
[White "Neiksans, Arturs"]
[Black "Berg, Emanuel"]
[Result "1-0"]
[WhiteElo "2606"]
[BlackElo "2506"]
[PlyCount "73"]
[SourceVersionDate "2023.03.26"]

1. Nf3 Nf6 2. g3 g6 3. Bg2 Bg7 4. O-O O-O 5. d4 d6 6. c4 Nc6 7. Nc3 Rb8 8. Qd3
Nd7 9. b3 e5 10. dxe5 Ndxe5 11. Nxe5 Nxe5 12. Qd2 a6 13. Bb2 b5 14. cxb5 axb5
15. Rfd1 Be6 16. Rac1 b4 17. Nd5 Bxd5 18. Bxd5 Nd7 19. Bxg7 Kxg7 20. Qd4+ Kg8
21. Qa7 c5 22. Bc6 Ne5 23. Rxc5 dxc5 24. Rxd8 Rfxd8 25. Bd5 Rbc8 26. e4 Rd7 27.
Qa6 Rcc7 28. Qf6 Nd3 29. h4 Ra7 30. h5 Rxa2 31. h6 Kf8 32. Bxf7 Rxf2 33. Qg7+
Ke7 34. Bc4+ Kd6 35. Bxd3 Rf3 36. e5+ Kc7 37. Bb5 1-0

[Event "Elit(Kungstornet-Eksjo)"]
[Site "?"]
[Date "2023.03.12"]
[Round "9"]
[White "Eriksson, Johan"]
[Black "Krantz, Christopher"]
[Result "1/2-1/2"]
[WhiteElo "2397"]
[BlackElo "2241"]
[PlyCount "108"]
[SourceVersionDate "2023.03.26"]

1. c4 e5 2. g3 c6 3. d4 e4 4. Nc3 d5 5. Bg2 Nf6 6. Nh3 Bxh3 7. Bxh3 dxc4 8. Bg5
Bb4 9. O-O Bxc3 10. bxc3 h6 11. Bxf6 Qxf6 12. Qb1 Qe7 13. a4 O-O 14. a5 Na6 15.
Qa2 b5 16. axb6 axb6 17. Qxc4 Qb7 18. e3 b5 19. Qb3 c5 20. Rfb1 cxd4 21. cxd4
Nc7 22. Rxa8 Rxa8 23. Bf1 Rb8 24. Bc4 Ne8 25. Qxb5 Qxb5 26. Rxb5 Rxb5 27. Bxb5
Nd6 28. Ba4 f5 29. Bb3+ Kf8 30. Kf1 Ke7 31. Ke2 g5 32. Kd2 Kf6 33. Kc3 h5 34.
Kb4 f4 35. gxf4 gxf4 36. exf4 Kf5 37. Kc5 Ne8 38. h4 Kxf4 39. Bd1 Nf6 40. d5
Ke5 41. Bb3 Kf4 42. d6 Kf3 43. Kd4 Kxf2 44. Ke5 e3 45. Bd1 Nd7+ 46. Kf5 e2 47.
Bxe2 Kxe2 48. Kg5 Ke3 49. Kxh5 Ke4 50. Kg6 Ke5 51. h5 Kxd6 52. h6 Ke6 53. h7
Nf8+ 54. Kg7 Nxh7 1/2-1/2

[Event "Elit(Rockaden, Stockholm-Wasa)"]
[Site "?"]
[Date "2023.03.12"]
[Round "9"]
[White "Wedberg, Tom"]
[Black "Sorensen, Hampus"]
[Result "1/2-1/2"]
[WhiteElo "2390"]
[BlackElo "2439"]
[PlyCount "37"]
[SourceVersionDate "2023.03.26"]

1. e4 e5 2. Nf3 Nc6 3. Bb5 a6 4. Ba4 Nf6 5. O-O Bc5 6. c3 b5 7. Bb3 d6 8. a4
Bb7 9. d3 O-O 10. Re1 Ne7 11. Nbd2 Ng6 12. axb5 axb5 13. Rxa8 Bxa8 14. h3 Bb6
15. Nf1 d5 16. Ng3 dxe4 17. dxe4 Qxd1 18. Bxd1 Re8 19. Bc2 1/2-1/2

[Event "Elit(Kungstornet-Eksjo)"]
[Site "?"]
[Date "2023.03.12"]
[Round "9"]
[White "Vernersson, Per"]
[Black "Andersson, Fredrik"]
[Result "1/2-1/2"]
[WhiteElo "2262"]
[BlackElo "2242"]
[PlyCount "35"]
[SourceVersionDate "2023.03.26"]

1. Nf3 Nf6 2. c4 g6 3. g3 Bg7 4. Nc3 O-O 5. Bg2 d6 6. O-O e5 7. d3 Nc6 8. Rb1
a5 9. a3 Re8 10. Bg5 h6 11. Bxf6 Bxf6 12. b4 axb4 13. axb4 Bg7 14. e3 Bg4 15.
h3 Be6 16. Nd5 Ne7 17. Nd2 c6 18. Nxe7+ 1/2-1/2

[Event "Elit(Rockaden, Stockholm-Wasa)"]
[Site "?"]
[Date "2023.03.12"]
[Round "9"]
[White "Wiedenkeller, Michael"]
[Black "Wessman, Richard"]
[Result "1/2-1/2"]
[WhiteElo "2436"]
[BlackElo "2412"]
[PlyCount "83"]
[SourceVersionDate "2023.03.27"]

1. d4 d5 2. c4 c6 3. cxd5 cxd5 4. Bf4 Nc6 5. e3 Nf6 6. Nc3 a6 7. Bd3 Bg4 8.
Nge2 e6 9. Rc1 Bxe2 10. Qxe2 Bd6 11. Bxd6 Qxd6 12. f4 h5 13. O-O g6 14. Na4 Nd7
15. Nc5 Nxc5 16. dxc5 Qe7 17. e4 dxe4 18. Bxe4 Qf6 19. Rcd1 O-O 20. Bxc6 bxc6
21. Qe5 Qxe5 22. fxe5 Rab8 23. Rf2 Rb5 24. Rc2 Rfb8 25. b3 a5 26. Rd6 a4 27.
bxa4 Rb1+ 28. Kf2 R8b2 29. Re2 Rb4 30. Rxc6 Rxa4 31. Rc2 Ra1 32. Rc8+ Kg7 33.
Ke3 R1xa2 34. Rxa2 Rxa2 35. Kd3 Rxg2 36. c6 Rg1 37. Kd2 Rg4 38. Kc3 Rg1 39. Kb2
Rg2+ 40. Kb3 Rg1 41. Kc2 Rg2+ 42. Kd3 1/2-1/2

[Event "Elit(Kungstornet-Eksjo)"]
[Site "?"]
[Date "2023.03.12"]
[Round "9"]
[White "Henriksson, Johan"]
[Black "Malesevic, Nedeljko"]
[Result "0-1"]
[WhiteElo "2267"]
[BlackElo "2226"]
[PlyCount "116"]
[SourceVersionDate "2023.03.26"]

1. d4 d5 2. Nf3 Nf6 3. c4 c6 4. Nc3 e6 5. g3 Bb4 6. Bg2 Nbd7 7. Qb3 Be7 8. O-O
O-O 9. Rd1 Qa5 10. Nd2 Re8 11. e4 dxe4 12. Ndxe4 Qh5 13. h3 Nxe4 14. Nxe4 f5
15. Nd2 e5 16. Nf1 exd4 17. Rxd4 Nc5 18. Qc2 Bf6 19. Rd1 Re2 20. Rd2 Re1 21. f3
f4 22. g4 Qe8 23. Rb1 a5 24. b3 Bd7 25. Ba3 Rxb1 26. Qxb1 b6 27. Bb2 Qe7 28.
Bxf6 Qxf6 29. Qd1 Be8 30. Rd6 Qe5 31. Rd8 Ra7 32. h4 Rd7 33. Rxd7 Bxd7 34. a3
Qe7 35. b4 axb4 36. axb4 Ne6 37. g5 c5 38. bxc5 Qxc5+ 39. Kh1 Qd4 40. Qb3 Qf2
41. Nh2 Qxh4 42. Qxb6 Qxg5 43. Bh3 Qe5 44. Qf2 Bc6 45. Bxe6+ Qxe6 46. c5 Qe3
47. Qxe3 fxe3 48. Kg2 h5 49. Kf1 Bb5+ 50. Ke1 Kf7 51. f4 Ke6 52. Nf3 Kd5 53.
Nh4 Ke4 54. f5 Bd7 55. Ke2 Bxf5 56. c6 Bg4+ 57. Ke1 g5 58. Ng2 Kf3 0-1

[Event "Elit(Rockaden, Stockholm-Wasa)"]
[Site "?"]
[Date "2023.03.12"]
[Round "9"]
[White "Engqvist, Thomas"]
[Black "Barkhagen, Jonas"]
[Result "0-1"]
[WhiteElo "2345"]
[BlackElo "2423"]
[PlyCount "110"]
[SourceVersionDate "2023.03.27"]

1. Nf3 Nf6 2. g3 d5 3. Bg2 c6 4. O-O Bg4 5. Ne5 Bh5 6. d4 e6 7. c4 Nbd7 8. cxd5
Nxe5 9. dxe5 Nxd5 10. h3 Nb4 11. Bd2 Qd4 12. a3 Nd5 13. Qb3 Nb6 14. Qc3 Qxc3
15. Nxc3 Nc4 16. Bf4 O-O-O 17. b4 Be7 18. g4 g5 19. Bg3 Bg6 20. Rfc1 Kb8 21.
Ne4 Nd2 22. Nxd2 Rxd2 23. Bf3 Rhd8 24. Rc3 Rb2 25. Kf1 Rdd2 26. Ke1 Rdc2 27.
Rxc2 Rxc2 28. e4 Rc3 29. Ke2 a5 30. bxa5 Rxa3 31. Rxa3 Bxa3 32. h4 gxh4 33.
Bxh4 Bb4 34. Bg2 h5 35. g5 Bxa5 36. f4 c5 37. Kd3 b5 38. Bg3 c4+ 39. Kd4 Bb6+
40. Kc3 Ka7 41. Bf3 Ba5+ 42. Kd4 Bd2 43. Bd1 h4 44. Bxh4 Bxf4 45. Be1 Kb6 46.
Bb4 Bxg5 47. Bf3 Bh4 48. Bd6 Bf2+ 49. Kc3 Bc5 50. Bb8 Kb7 51. Bd6 Bxd6 52. exd6
e5 53. Kb4 Kc6 54. Bd1 Bxe4 55. d7 Kxd7 0-1

[Event "Elit(Kungstornet-Eksjo)"]
[Site "?"]
[Date "2023.03.12"]
[Round "9"]
[White "Glimbrant, Torbjorn"]
[Black "Johnson, Bjorn"]
[Result "1/2-1/2"]
[WhiteElo "2153"]
[BlackElo "2206"]
[PlyCount "108"]
[SourceVersionDate "2023.03.26"]

1. Nf3 e6 2. c4 f5 3. d4 Nf6 4. Nc3 Bb4 5. Bg5 Bxc3+ 6. bxc3 b6 7. g3 Bb7 8.
Bg2 O-O 9. O-O Qe7 10. Qb3 Nc6 11. Ne5 Na5 12. Qb4 d6 13. Bxb7 Nxb7 14. Nd3 c5
15. Qb5 e5 16. Rae1 Qe6 17. Bxf6 gxf6 18. e4 Na5 19. d5 Qc8 20. f4 a6 21. Qa4
fxe4 22. Rxe4 f5 23. Ree1 e4 24. Nb2 Qe8 25. Qd1 Ra7 26. Kh1 Rg7 27. Qe2 Kh8
28. Nd1 Qa4 29. Ne3 b5 30. cxb5 axb5 31. Rb1 Rb7 32. Rb2 b4 33. Qd2 bxc3 34.
Qxc3+ Qd4 35. Rc2 Rb4 36. Rd1 Qxc3 37. Rxc3 Kg7 38. Ra3 Nc4 39. Ra7+ Kg6 40.
Nxc4 Rxc4 41. Rd7 Rf6 42. Rb1 Rd4 43. Rbb7 h6 44. Kg2 Rxd5 45. a4 Rd2+ 46. Kh3
Rf8 47. a5 Kf6 48. a6 Ke6 49. a7 Ra2 50. Re7+ Kd5 51. g4 Ra3+ 52. Kh4 fxg4 53.
Kxg4 Kd4 54. f5 Rg8+ 1/2-1/2

[Event "Elit(Rockaden, Stockholm-Wasa)"]
[Site "?"]
[Date "2023.03.12"]
[Round "9"]
[White "Trost, Edvin"]
[Black "Bellon Lopez, Juan"]
[Result "1-0"]
[WhiteElo "2369"]
[BlackElo "2314"]
[PlyCount "85"]
[EventDate "2023.??.??"]
[SourceVersionDate "2023.03.27"]

1. d4 Nf6 2. c4 c5 3. d5 b5 4. cxb5 a6 5. bxa6 g6 6. Nc3 Bxa6 7. e4 Bxf1 8.
Kxf1 d6 9. Nf3 Bg7 10. g3 O-O 11. Kg2 Qb6 12. Qe2 Nbd7 13. a4 Ne8 14. h4 Qa6
15. Qc2 Qc4 16. h5 Ne5 17. Nxe5 Bxe5 18. Bg5 Nf6 19. Rh4 Nxh5 20. Bxe7 Rfe8 21.
Bxd6 Bxd6 22. e5 Qa6 23. exd6 Qxd6 24. Rd1 f5 25. Nb5 Qe5 26. Qc3 Nf6 27. d6
Qxc3 28. bxc3 Rad8 29. Rhh1 Rd7 30. a5 Ra8 31. Ra1 Ra6 32. Rhd1 Ne8 33. Rd5 c4
34. Rd4 Kf7 35. Rxc4 Nxd6 36. Rd4 Ke6 37. Rad1 Nxb5 38. Re1+ Kf6 39. Rxd7 Nxc3
40. Ra1 h5 41. Rb7 Nd5 42. Rb5 Rd6 43. a6 1-0

[Event "Elit(Limhamn-Vasteras)"]
[Site "?"]
[Date "2023.03.12"]
[Round "9"]
[White "Akesson, Ralf"]
[Black "Haubro, Martin"]
[Result "1/2-1/2"]
[WhiteElo "2407"]
[BlackElo "2395"]
[PlyCount "85"]
[SourceVersionDate "2023.03.26"]

1. Nf3 d5 2. d4 Nf6 3. c4 e6 4. g3 Bb4+ 5. Bd2 Be7 6. Bg2 O-O 7. O-O Nbd7 8.
Qc2 c6 9. Rc1 a5 10. b3 b6 11. Nc3 Ba6 12. cxd5 cxd5 13. a4 Rc8 14. Qb2 Rc6 15.
Bf1 Qa8 16. e3 Bxf1 17. Kxf1 Rfc8 18. Nb5 Ne4 19. Ke2 g5 20. h3 h6 21. Rxc6
Rxc6 22. Rc1 Kg7 23. Rxc6 Qxc6 24. Qc1 Qxc1 25. Bxc1 f5 26. g4 Kg6 27. Nc7 fxg4
28. hxg4 Kf7 29. Nb5 Nd6 30. Na7 Bf6 31. Ba3 Ne4 32. Nb5 Be7 33. Bxe7 Kxe7 34.
Ne1 Ndf6 35. f3 Nd6 36. Nxd6 Kxd6 37. Nd3 Ke7 38. Ne5 Nd7 39. Nc6+ Kd6 40. Na7
Nf6 41. Nb5+ Kd7 42. Nc3 Ke7 43. Kd3 1/2-1/2